Statistics for African East Coast

Click here to take the quiz!

General Stats

  • This quiz has been taken 61,010 times
  • The average score is 8 of 9

Answers on the Map

Answers color-coded by a green-red scale on the quiz's map according to % correct below.
 

Answer Stats

Country% Correct
Egypt
100%
Sudan
96%
Somalia
93%
Eritrea
92%
South Africa
92%
Kenya
91%
Djibouti
90%
Mozambique
89%
Tanzania
89%

Score Distribution

Percentile by Number Answered

Percent of People with Each Score

Your Score History

You have not taken this quiz